000 00291nam a22001337a 4500
008 171016b xxu||||| |||| 00| 0 eng d
020 _a9780072845136
041 _aeng
080 _211TH
_a33
100 _a52
101 _aEKO
245 _aECONOMIC ISSUES
_cSWARTZ,TH,R
942 _2udc
_cBK
999 _c34004
_d34004